| 000 | 00538nam a2200133Ia 4500 | ||
|---|---|---|---|
| 008 | 220615s9999||||xx |||||||||||||| ||und|| | ||
| 020 | _a9782890000000 | ||
| 245 | 0 | _aBrain and Somatization Symptoms in Psychiatric Disorders | |
| 546 | _aEnglish[eng] | ||
| 650 | _astructural MRI||functional MRI||Somatization symptoms||Depression||Anxiety | ||
| 700 | _aGuo, Wenbin||Zhang, Fengyu||Liu, Feng||Yan, Chaogan | ||
| 856 | _uhttps://www.frontiersin.org/research-topics/7266/brain-and-somatization-symptoms-in-psychiatric-disorders | ||
| 942 | _cEB | ||
| 999 |
_c8720 _d8720 |
||